Calculated risk : (Record no. 185252)

000 -LEADER
fixed length control field 01519 a2200169 4500
003 - CONTROL NUMBER IDENTIFIER
control field NUST
005 - DATE AND TIME OF LATEST TRANSACTION
control field 20221224122318.0
040 ## - CATALOGING SOURCE
Transcribing agency Nust
082 ## - DEWEY DECIMAL CLASSIFICATION NUMBER
Classification number 355.02,CLA
100 ## - MAIN ENTRY--PERSONAL NAME
Personal name Clark, Mark
9 (RLIN) 105809
245 ## - TITLE STATEMENT
Title Calculated risk :
Remainder of title His Personal Story of the War in North Africa and Itly /
Statement of responsibility, etc. Mark Clark
260 ## - PUBLICATION, DISTRIBUTION, ETC.
Place of publication, distribution, etc. New York
Name of publisher, distributor, etc. Created: Harper
Date of publication, distribution, etc. 1951
300 ## - PHYSICAL DESCRIPTION
Extent 478 p.:
Other physical details 22 cm.
505 ## - FORMATTED CONTENTS NOTE
Formatted contents note The Road Back to Rome :May 1949 (Page-13), Getting Ready For War : July 1940-1942 We Decide on Torch : June 1942-Auguest 1942 (Page-34), Deputy to Eisenhower : Aug 1942-Oct-1942(Page-47), Secret Mission to Africa : October 24,1942 (Page-73), The Darlan Deal , Nov-1942 –Jan 1943 (Page-94) ,The Drive for Tunisia : December 1942-Jan 1943 (Page-133), The Fifth Army , the Arabs ,and Some V.I.P.s: Jan1943-Sep1943 (Page-142), Salerno a Near Disaster : Sep1943 (Page-179), From the Volturno to Cassino –in Mud : Oct1943-NOV1943),The Drive Into Germen Winter Line : Dec 1943(Page-130),The Rapido – Garigliano Front :Jan 1944 (Page-251), The Agony of Anzio : Jan 1944-Feb 1944 (Page-270), Cassio : Mar 1944 (Page-295), Rome , the Great Prize: Apr 1944-Jun 1944 (Page-316), Pursuit to the Arno : June 1944-Oct 1944 (Page-347), The Hard Winter in the Apennines : Nov -1944-Mar-1945) (Page-380), The Surrender : May 2, 1945 (Page-400), The Austrian Occupation and the Russians : Aug-424-Nov-1946) (Page-424), The Moscow Conference : March (Page-451).
650 ## - SUBJECT ADDED ENTRY--TOPICAL TERM
Topical term or geographic name entry element Calculated risk.
9 (RLIN) 105810
942 ## - ADDED ENTRY ELEMENTS (KOHA)
Source of classification or shelving scheme
Koha item type Book
Call number prefix 355.02,CLA
Holdings
Withdrawn status Lost status Source of classification or shelving scheme Damaged status Not for loan Permanent Location Current Location Shelving location Date acquired Full call number Barcode Date last seen Price effective from Koha item type Public note Total Checkouts
          Military College of Signals (MCS) Military College of Signals (MCS) General Stacks 12/12/2016 355.02,CLA MCS20999 12/08/2016 12/12/2016 Book Almirah No.73, Shelf No.8  
          Military College of Signals (MCS) Military College of Signals (MCS) General Stacks 12/12/2016 355.02,CLA MCS21000 12/08/2016 12/12/2016 Book Almirah No.51, Shelf No.5  
          Military College of Signals (MCS) Military College of Signals (MCS) General Stacks 12/24/2022 355.02,CLA MCS21002 12/24/2022 12/24/2022 Book Almirah No.51, Shelf No.5  
          Military College of Signals (MCS) Military College of Signals (MCS) General Stacks 12/24/2022 355.02,CLA MCS21001 12/24/2022 12/24/2022 Book Almirah No.51, Shelf No.5  
© 2023 Central Library, National University of Sciences and Technology. All Rights Reserved.